[Event "Liga Madrileña 2011-2012 - 2B"]
[Site "?"]
[Date "2012.03.04"]
[Round "12.1"]
[White "Maseda Iglesias, Luis"]
[Black "Bustos Serrano, Doroteo"]
[Result "1/2-1/2"]
[WhiteElo "1760"]
[BlackElo "2120"]
[PlyCount "43"]
[EventDate "2011.11.21"]
[SourceDate "2011.11.21"]

{A47: 1.de Cf6 2.Cf3 e5 - Sistemas Torre, Colle, Londres} 1. d4 b6 2. Nf3 Bb7
3. e3 e6 4. Bd3 Nf6 5. Nbd2 c5 6. Qe2 Nc6 7. a3 Be7 8. O-O d6 9. b3 Qc7 10. Bb2
h6 11. Rfd1 Rg8 12. e4 cxd4 13. Nxd4 Nxd4 14. Bxd4 Rc8 15. e5 Nd5 16. c4 $2 (
16. exd6 Bxd6 17. g3 $14) 16... Nf4 17. Qe3 Nxd3 18. Qxd3 dxe5 19. Bb2 Qc6 20.
Qh3 f6 21. Nf3 Rd8 22. Qh5+ 1/2-1/2

[Event "46. Villa de Mislata - Open C 2012"]
[Site "Mislata ESP"]
[Date "2012.08.19"]
[Round "9.15"]
[White "Maseda Iglesias, Luis"]
[Black "Palomo Ruiperez, Bruno"]
[Result "1-0"]
[WhiteElo "1768"]
[BlackElo "1638"]
[Annotator "Deep Rybka 4 x64"]
[PlyCount "61"]
[EventDate "2012.08.15"]
[EventType "swiss"]
[EventRounds "9"]
[EventCountry "ESP"]
[SourceDate "2011.11.21"]

{D00: Apertura de Peón Dama (Barry Attack)} 1. d4 Nf6 2. Nf3 g6 3. Nc3 d5 4.
Bf4 Bg7 5. e3 O-O 6. Be2 c5 7. Ne5 cxd4 (7... Nc6) (7... b6) (7... Qb6 8. Na4
Qa5+ 9. c3 cxd4 10. b4 Qd8 11. cxd4 $14) (7... Qa5 8. O-O Nc6 9. Qd2 Bf5 10.
Rfd1 cxd4 (10... Rad8 $2 11. Nxc6 bxc6 12. Nxd5 $18) 11. exd4 Nd7 12. Nxd7 Bxd7
13. Bh6 Rad8 14. Bxg7 Kxg7 15. Bb5 Nb8 16. Bd3 Nc6 17. a3 Qb6 18. Bb5 Na5 19.
Bf1 Bg4 20. Na4 Qc7 21. Re1 Bf5 22. Rac1 Nc6 23. Bb5 Na5 24. Nc5 Rd6 25. Qf4
Rc6 26. Qe3 Rb6 27. Qc3 Nc6 (27... Rxb5 28. Ne6+ $18) 28. a4 Rc8 29. Qd2 Nxd4
30. Nd7 Nxc2 (30... Nf3+ 31. gxf3 Bxd7 32. Rxe7 Rd6 33. Qd4+ Kg8 34. Qf4 Rf8
35. Bxd7 $18) (30... Nxb5 31. Nxb6 Qxb6 32. axb5 e6 33. c4 dxc4 34. b3 c3 35.
Rxc3 Rd8 36. Qe2 $16) 31. Nxb6 Qxb6 32. Rxe7 Qf6 33. Rxb7 Qxb2 34. Ba6 Qa3 35.
Rxf7+ Kxf7 36. Bxc8 Nd4 37. Rc7+ {1-0 Hebden-Rotsagov, Cappelle la Grande 1995.
} (37. Rc7+ Ke8 38. Qxd4 Kd8 39. Rc6 Qe7 40. Qh8+ Qe8 41. Rd6+ Kc7 42. Qxe8
Kxd6 43. Bxf5 $18)) 8. exd4 Qb6 (8... Nfd7 9. Nf3 Nf6 10. Ne5 Nfd7 11. Nf3 Nf6
12. Qd2 Bg4 13. Ne5 Bxe2 14. Qxe2 Nh5 (14... Nc6 15. O-O-O Rc8 16. Kb1 Qb6 17.
Qd2 Nxe5 18. Bxe5 Ne4 19. Nxe4 Bxe5 (19... dxe4 $6 20. Bxg7 Kxg7 21. Rhe1 $14 {
Hebden-Gormally, Southend 2006.}) 20. dxe5 dxe4 21. Qd4 Qc6 22. c3 Rfd8 $11)
15. Be3 Nc6 16. O-O-O Rc8 17. f4 Nf6 18. g4 Qa5 $6 (18... Ne4 $1 $11) 19. a3
Nxe5 20. fxe5 Rxc3 21. exf6 Rfc8 22. Kb1 $1 Rxc2 23. Rd2 {1-0 Hebden-Nunn,
Hastings 1997/98.}) (8... Nbd7 9. h4 Nxe5 10. Bxe5 a6 11. h5 b5 12. a3 Be6 13.
Qd2 Qd7 14. f3 Qb7 15. Kf2 (15. g4 $5) 15... Rac8 16. Bd3 Qd7 17. Rh4 Bf5 18.
Bxf5 Qxf5 19. g4 Qd7 20. Rah1 a5 (20... gxh5 $2 21. Bxf6 Bxf6 22. Rxh5 Rfd8 23.
Rxh7 Bg7 24. Rxg7+ {1-0 M.Pribyl-Pribylova, Praga 1989} (24. Rxg7+ Kxg7 25.
Qg5+ Kf8 26. Rh8#)) 21. hxg6 fxg6 (21... hxg6 22. Qf4 b4 23. Bxf6 Bxf6 24. Qxf6
exf6 25. Rh8+ Kg7 26. R1h7#) 22. Bxf6 Rxf6 23. Rxh7 Rcf8 (23... Qxg4 $4 24.
Rxg7+ Kxg7 25. Qh6+ Kf7 26. Qh7+ Ke8 27. Qg8+ Kd7 28. Qxd5+ Kc7 29. Qe5+ Kb6
30. Qxf6+ $18) 24. Kg2 e5 25. Qh6 Qxg4+ 26. fxg4 Rf2+ 27. Kg1 Rf1+ 28. Kh2
R8f2+ 29. Kg3 Rf3+ $11) (8... e6 9. Qd2 Nfd7 10. Nf3 Nc6 11. Bh6 Nf6 12. Bxg7
Kxg7 13. O-O-O Bd7 14. Ne5 Rc8 15. h4 Nb4 $6 16. Kb1 b5 17. h5 Qe7 18. hxg6
fxg6 19. Qh6+ Kg8 20. g4 Be8 21. g5 Nd7 22. Bg4 Nxe5 23. Bxe6+ Kh8 24. Bxc8 Nc4
25. Rhe1 Qf7 26. Be6 Qxf2 27. Re2 Qf4 28. Rh2 Qc7 29. Qxf8# {1-0 G.
Mohr-Rotshtein, Maribor 1994}) 9. Rb1 $11 {#} (9. O-O Qxb2 10. Qd2 Qb6 11. Rfe1
Qd8 12. Rad1 $11) 9... Nc6 10. Nxc6 bxc6 11. O-O Nd7 12. Be3 f5 13. Na4 Qc7 14.
f4 a5 {#} 15. b3 (15. c4 e6 16. Qc2 Nf6 17. Rbc1 dxc4 18. g3 Qd6 19. Nc5 Rd8
20. Rfd1 Nd5 (20... Rb8 21. Qd2 Rb4 (21... Ra8 22. Rxc4 $14) 22. a3 Rb8 23.
Rxc4 $14) 21. Bf2 Nb6 22. Bxc4 Nxc4 23. Qxc4 Rb8 24. Nd3 Bxd4 25. Bxd4 Qxd4+
26. Nf2 Qb6 27. Rxd8+ Qxd8 28. b3 Bd7 29. Nd3 Qb6+ 30. Qc5 Kf7 31. Ne5+ Ke8 32.
Qf2 Qxf2+ 33. Kxf2 Rb4 34. Rc4 Ke7 35. Rxb4 axb4 $14) 15... Qa7 16. Nb2 (16. c4
Nf6 17. Nc5 e6 18. Rc1 $11) 16... Nf6 17. Rc1 Ne4 18. c4 $2 (18. Bf3 Ba6 19.
Re1 g5 20. g3 c5 21. c3 gxf4 22. gxf4 cxd4 23. Bxd4 Bxd4+ 24. Qxd4 $11) 18...
c5 $1 $15 19. Bd3 (19. cxd5 cxd4 20. Bf2 Nxf2 21. Rxf2 d3 22. Nxd3 Bd4 23. Kf1
Bxf2 24. Nxf2 $17) 19... cxd4 $17 20. Bf2 dxc4 21. Bxc4+ Kh8 22. Qd3 $6 (22.
Qe2 Ba6 23. Bxa6 Qxa6 24. Qxa6 Rxa6 25. Nd3 a4 26. b4 Nc3 27. Rc2 Kg8 28. Rfc1
a3 $17) 22... Nxf2 23. Rxf2 e5 24. fxe5 Bh6 25. Re1 Be3 $19 26. Kf1 (26. Nd1
Bxf2+ 27. Nxf2 Ba6 28. Bxa6 Qxa6 29. Qxd4 Qa7 30. Qb2 Rfe8 $17) 26... Qc5 $6 (
26... Bb7 27. e6 (27. Rfe2 Be4 28. Qd1 f4 $19) 27... Be4 28. Qe2 Rfe8 $17) 27.
Rfe2 Qxe5 $19 28. Nd1 Qf4+ 29. Nf2 {#} Qxh2 $4 {#} 30. Rxe3 $18 Bb7 $4 (30...
Qd6 31. R3e2 a4 32. bxa4 Bd7 (32... Rxa4 33. Re8 Rxc4 34. Rxf8+ Kg7 35. Rg8+
Kf6 36. Rd8 Qxd8 37. Qxc4 $18) 33. Re5 Bxa4 34. Bd5 Ra6 35. Nh3 Rb6 36. Qxd4
Qb4 37. Bc4 Qd6 38. Rd5+ Qf6 39. Qxf6+ Rbxf6 40. Ra5 Be8 (40... Bd7 41. Ra7 Bc6
42. Ree7 $18) (40... Bc2 41. Re7 h6 42. Raa7 R6f7 43. Bxf7 $18) 41. Ra8 $18)
31. Qxd4+ (31. Qxd4+ Rf6 32. Qxf6#) 1-0